Liệu pháp ở tay chữa bách bệnh

Giới thiệu các liệu pháp tác động vào bàn tay trong y học cổ truyền để chữa các bệnh thường gặp ở người

保存先:
書誌詳細
第一著者: Cường Lợi
フォーマット: 図書
言語:Undetermined
出版事項: Hà Nội Nxb. Hà Nội 2010
主題:
タグ: タグ追加
タグなし, このレコードへの初めてのタグを付けませんか!
Thư viện lưu trữ: Trung tâm Học liệu Trường Đại học Cần Thơ
LEADER 00762nam a2200205Ia 4500
001 CTU_161092
008 210402s9999 xx 000 0 und d
020 |c 33500 
082 |a 615.882 
082 |b C561 
100 |a Cường Lợi 
245 0 |a Liệu pháp ở tay chữa bách bệnh 
245 0 |c Cường Lợi, Hải Ngọc 
260 |a Hà Nội 
260 |b Nxb. Hà Nội 
260 |c 2010 
520 |a Giới thiệu các liệu pháp tác động vào bàn tay trong y học cổ truyền để chữa các bệnh thường gặp ở người 
650 |a Folk medicine,Y học cổ truyền 
910 |a Nguyên 
980 |a Trung tâm Học liệu Trường Đại học Cần Thơ